000 00435nam a2200145Ia 4500
001 15272
003 GE_BSU
008 181216s||||||||xx |||||||||||||| ||und||
040 _cGE_BSU
100 _aშენგელაია,დემნა
245 _aმოთხრობები.
245 _cრედ.ქ.თავაძე, მხატვ.ნ.ხონგელი
653 _aმოთხრობები.
942 _cBK
999 _c48384
_d48384